Detalles MARC
| 000 -CABECERA |
| campo de control de longitud fija |
00939cam a2200241 a 4500 |
| 001 - NÚMERO DE CONTROL |
| campo de control |
000011873 |
| 005 - FECHA Y HORA DE LA ÚLTIMA TRANSACCIÓN |
| campo de control |
20200929162611.0 |
| 008 - DATOS DE LONGITUD FIJA--INFORMACIÓN GENERAL |
| campo de control de longitud fija |
880817s1988 ck b 000 0 spa |
| 040 ## - FUENTE DE LA CATALOGACIÓN |
| Centro catalogador/agencia de origen |
DO-SdBNP |
| Lengua de catalogación |
spa |
| Centro/agencia transcriptor |
DLC |
| Centro/agencia modificador |
BNPHU |
| 082 ## - NÚMERO DE LA CLASIFICACIÓN DECIMAL DEWEY |
| Número de clasificación |
460.07 |
| Número de documento/Ítem |
M827e |
| 049 ## - FONDOS LOCALES (OCLC) |
| Fondos de biblioteca |
BNGR |
| 100 1# - ENTRADA PRINCIPAL--NOMBRE DE PERSONA |
| Nombre de persona |
Mora Monroy, Siervo. |
| 9 (RLIN) |
28060 |
| 245 13 - MENCIÓN DE TÍTULO |
| Título |
La enseñanza del español en Colombia : |
| Resto del título |
legado metodológico de Luis Florez / |
| Mención de responsabilidad, etc. |
Siervo Mora Monroy. |
| 260 ## - PUBLICACIÓN, DISTRIBUCIÓN, ETC. |
| Lugar de publicación, distribución, etc. |
Bogotá, (Colombia) : |
| Nombre del editor, distribuidor, etc. |
Instituto Caro y Cuervo, |
| Fecha de publicación, distribución, etc. |
1988. |
| 300 ## - DESCRIPCIÓN FÍSICA |
| Extensión |
160 p. ; |
| Dimensiones |
21 cm. |
| 490 1# - MENCIÓN DE SERIE |
| Mención de serie |
Publicaciones del Instituto Caro y Cuervo. |
| -- |
Minor |
| Designación de volumen o secuencia |
30 |
| 504 ## - NOTA DE BIBLIOGRAFÍA, ETC. |
| Nota de bibliografía, etc. |
Bibliografía: p. 153. |
| 650 #4 - PUNTO DE ACCESO ADICIONAL DE MATERIA--TÉRMINO DE MATERIA |
| Término de materia o nombre geográfico como elemento de entrada |
Idioma español |
| Subdivisión general |
Enseñanza |
| Subdivisión geográfica |
Colombia |
| 9 (RLIN) |
28061 |
| 650 #4 - PUNTO DE ACCESO ADICIONAL DE MATERIA--TÉRMINO DE MATERIA |
| Término de materia o nombre geográfico como elemento de entrada |
Idioma español |
| Subdivisión general |
Estudio y enseñanza |
| Subdivisión geográfica |
Colombia |
| 9 (RLIN) |
28062 |
| 700 12 - PUNTO DE ACCESO ADICIONAL--NOMBRE DE PERSONA |
| Nombre de persona |
Flórez, Luis. |
| Título de la obra |
Selecciones |
| Fecha de publicación/de la obra |
1988. |
| 9 (RLIN) |
28063 |
| 830 #0 - PUNTO DE ACCESO ADICIONAL DE SERIE-TÍTULO UNIFORME |
| Título uniforme |
Publicaciones del Instituto Caro y Cuervo ; |
| Designación de volumen o secuencia |
30 |
| Nombre de parte o sección de la obra |
Minor |
| 9 (RLIN) |
21930 |
| 910 ## - DATOS DE OPCIÓN DEL USUARIO (OCLC) |
| Datos de opción del usuario |
Catalogación por copia / LC |